Vývoj a trendy v oblasti katastrofického modelování

Predpis kapitálovej primeranosti Solvency II navrhnutý regulačným orgánom EIOPA. Súčasné katastrofické modely a priestorová distribúcia rizík zo satelitných snímkov. Modelovanie a simulácia prírodných procesov.

Uložené v:
Podrobná bibliografia
Hlavný autor: Stejskal, Vladimír
Médium: Kapitola
Jazyk:Czech
Predmet:
Tagy: Pridať tag
Žiadne tagy, Buďte prvý, kto otaguje tento záznam!

MARC

LEADER 00000naa a2200000 4500
001 0134001
005 20221107085151.2
041 0 |a cze 
044 |a CZ 
245 1 0 |a Vývoj a trendy v oblasti katastrofického modelování  |c Vladimír Stejskal 
520 |a Predpis kapitálovej primeranosti Solvency II navrhnutý regulačným orgánom EIOPA. Súčasné katastrofické modely a priestorová distribúcia rizík zo satelitných snímkov. Modelovanie a simulácia prírodných procesov. 
610 2 0 |a poisťovníctvo 
610 2 0 |a poisťovne 
610 2 0 |a riziko poistné 
610 2 0 |a poistenci 
610 2 0 |a udalosti poistné 
610 2 0 |a pohromy živelné 
610 2 0 |a modelovanie 
610 2 0 |a simulácia 
100 1 |a Stejskal, Vladimír